| 000 | 00431nam a2200109Ia 4500 | ||
|---|---|---|---|
| 008 | 160909s9999 xx 000 0 und d | ||
| 100 | _aDi Maggio, Lily M. | ||
| 245 | 3 | _aAn analysis of study abroad as a factor to increase student engagement and reduce dropouts in higher education institutions | |
| 260 |
_bSaint Peter's University _c2016 |
||
| 650 | _aEDUC/SPED | ||
| 856 | _uhttp://pqdtopen.proquest.com/doc/1793408236.html?FMT=ABS | ||
| 999 |
_c305059 _d305059 |
||